000
00302nam a22001337a 4500
020
_a
978-1-107-00350-7
041
_a
ENG
100
_a
Ghiaasiaan.S.M
245
_a
Convective Heat And Mass Transfer
260
_a
Delhi
_b
Cambridge
_c
2011
300
_a
524
650
_a
APE
856
_u
APE ( 02 )
999
_c
1638
_d
1638